Villes de Suède - Mort Subite - Statistiques

Statistiques générales
  • Ce quiz a été pris 167 fois
  • Le résultat moyen est 10 sur 30
Answers on the Grid
Answers color-coded by a green-red scale on the quiz's grid according to % correct below.
Stockholm
Uppsala
Täby
Södertälje
Lund
Linköping
Jönköping
Kalmar
Göteborg
Helsingborg
Örebro
Borås
Falun
Kiruna
Gävle
Gallivare
Sundsvall
Luleå
Umeå
Ostersund
Malmö
Kumla
Katrineholm
Visby
Falköping
Huskvarna
Solna
Växjö
Vasterås
Ystad
Sudköping
Oslo
Rovaniemi
Kaunås
Odense
Kristiansund
Ericsson
Arnika
Östräva
Bornholm
Nuuk
Stralsund
Trondheim
Vadsø
Gand
Aalborg
Fosnavåg
Björn Borg
 
Statistiques - réponses
Réponse % Correct
Stockholm
79%
Göteborg
75%
Malmö
70%
Uppsala
52%
Linköping
48%
Örebro
45%
Helsingborg
44%
Kalmar
43%
Ostersund
42%
Jönköping
39%
Luleå
38%
Umeå
37%
Vasterås
37%
Visby
33%
Lund
32%
Solna
32%
Gävle
29%
Sundsvall
28%
Växjö
27%
Falköping
25%
Kiruna
22%
Borås
21%
Södertälje
20%
Ystad
18%
Falun
15%
Täby
15%
Katrineholm
12%
Gallivare
9%
Huskvarna
8%
Kumla
5%
Aucun quiz correspondant
Distribution des résultats
% des personnes avec chaque résultat
Percentile par nombre de réponses
Votre historique - résultats
Vous n’avez pas pris ce quiz